Stephen King's IT Book Quiz - Statistics

General Stats
  • This quiz has been taken 556 times
  • The average score is 13 of 17
Answer Stats
Hint Answer % Correct
IT's Clown name Pennywise
98%
State this town is in Maine
88%
Town it takes place in Derry
86%
Brother in yellow jacket George Denbrough
81%
Year they defeat it as adults 1985
78%
Seven Main Characters Bill Denbrough
78%
Name of their club The Losers Club
78%
Year they defeat it as children 1958
75%
What the above looses down the drain Paper boat
73%
Richie Tozier
72%
Year the book was published 1986
71%
Ben Hanscom
71%
Beverly Marsh
71%
Mike Hanlon
70%
Eddie Kaspbrak
68%
Stanley Uris
67%
Name of the main bully Henry Bowers
61%
No matching quizzes found
Score Distribution
Percent of People with Each Score
Percentile by Number Answered
Your Score History
You have not taken this quiz